Normal view
MARC view
Entry Nome pessoal
001 - NÚMERO DE CONTROLE
- campo de controle: 479
003 - IDENTIFICADOR DO NÚMERO DE CONTROLE
- campo de controle: OSt
005 - DATA E HORÁRIO DA ÚLTIMA TRANSAÇÃO
- campo de controle: 20250224150248.0
008 - CAMPO DE DADOS FIXOS
- campo de controle de tamanho fixo: 250224|| aca||aabn | a|a d
040 ## - FONTE DA CATALOGAÇÃO
- Instituição da catalogação original: OSt
100 ## - CABEÇALHO--NOME PESSOAL
- Nome pessoal: Mendes, Ivo
- Datas associadas ao nome: 1933-2008